000 nam a22 a 4500
999 _c161650
_d161650
003 BLK
005 20230404030333.0
008 180410b bul|||||r ||||||| ||bul||
010 _aKNG00168979000
040 _aBLK
041 _aBUL
_cBUL
072 7 _2bullib
_aЯ
_xАвтографи
072 7 _2bullib
_aК
_xКраезнание
080 _aБългарска литература
_b821.163.2
_x-1
_z821.163.2-1
100 1 _aЦанев, Стефан Неделчев
_d1936-
_gПисател, поет, драматург.
_9364639
139 _aЦанев, Стефан Неделчев
_bЦ 16
245 1 0 _aРеквием
_bСтихове
_cСтефан Неделчев Цанев; ил. Георги Йорданов Божилов.
257 _aBGR
260 _bХристо Г. Данов
_c1980
_aПловдив
300 _a111 с.
_bс ил.
_c21 см
380 _aX
500 _a6 100 тир.
659 _aК
659 _aЯ
700 1 _aБожилов, Георги Йорданов
_eил.
_9380181
852 _aЦб 106210
_bЦб
852 _aК 821.163.2/Ц 16 С
942 _cKNG
_n0
_s1
944 _aCR
_c18.12.2014
_l18.12.2014 - от С1,Р / 18.12.2014
_kНора_Радева
944 _aED
_c2022-12-07
_l2022-12-07